000
00305nam a2200121 a 4500
008
100922s1958|||| d
245
1
0
_a
Vlk medzi vlky
100
1
_a
Fallada, Hans
260
_b
Státní nakladatelství krásné literatury
_a
Praha
_c
1958
020
_c
27
044
_a
xo
_c
SK
041
_a
slo
999
_c
10587
_d
10587